000 00582nam a2200217Ia 4500
008 160319s9999 xx 000 0 und d
020 _a971-725-088-X
050 _aFIL QA 154.3
050 _b.T35 2002
100 _aTalamayan, Cecil Lelis.
245 _aCollege algebra /
245 _cCecil Lelis Talamayan, Crizaldy P. Binarao.
260 _aMakati City:
260 _bGrandwater Pub.,
260 _c2002
300 _a357 pages :
300 _billustrations ;
300 _c26 cm.
650 _aAlgebra -- Study and teaching.
650 _xAlgebra -- Textbooks.
999 _c291827
_d291827